00711cam a2200217u 450000100060000000300080000600500170001400800390003103500190007004000330008904100080012208200160013010000530014624500380019926000300023730000720026765000290033965000560036865100430042465100260046723030BD-RjUL20211209000902.0140310s1946 enkbcfh a 000 0 eng a(BD-RjUL)23095 aDLCcCarPdDLCdBD-RjULbeng aeng a915.86bBAM1 aBailey, F. M.q(Frederick Marshman),d1882-1967.10aMission to Tashkent /cF.M.Bailey aLondon :bJ. Cape,c1946. a312 p. :bfront., plates, ports., maps (1 fold.) facsims. ;c21 cm. 0aRussianszAsia, Central. 0aWorld War, 1914-1918xPersonal narratives, British. 0aAsia, CentralxDescription and travel. 0aTashkent (Uzbekistan)